Hand book of general knowledge (Record no. 9048)

MARC details
000 -LEADER
fixed length control field 00560cam a2200217ua 4500
001 - CONTROL NUMBER
control field 10057
005 - DATE AND TIME OF LATEST TRANSACTION
control field 20260515114547.0
008 - FIXED-LENGTH DATA ELEMENTS--GENERAL INFORMATION
fixed length control field 170324n ii |||gr||||Z||||||eng
040 ## - CATALOGING SOURCE
Transcribing agency MAIN
041 ## - LANGUAGE CODE
Language code of text/sound track or separate title eng
082 ## - DEWEY DECIMAL CLASSIFICATION NUMBER
Classification number 050
100 ## - MAIN ENTRY--PERSONAL NAME
Personal name Banerjee, M,
Relator term Author.
245 ## - TITLE STATEMENT
Title Hand book of general knowledge
Statement of responsibility, etc. By M. Banerjee and Ramesh Bhasin
250 ## - EDITION STATEMENT
Edition statement 7th rev. ed.
260 ## - PUBLICATION, DISTRIBUTION, ETC.
Place of publication, distribution, etc. Ambala:
Name of publisher, distributor, etc. Mentor publications,
Date of publication, distribution, etc. 1971.
300 ## - PHYSICAL DESCRIPTION
Extent 192p.
653 ## - INDEX TERM--UNCONTROLLED
Uncontrolled term General serial publications
653 ## - INDEX TERM--UNCONTROLLED
Uncontrolled term MAIN
700 ## - ADDED ENTRY--PERSONAL NAME
Personal name Bhasin, Ramesh,
Relator term Author.
942 ## - ADDED ENTRY ELEMENTS (KOHA)
Koha item type Books
Holdings
Withdrawn status Lost status Damaged status Not for loan Home library Current library Shelving location Date acquired Total checkouts Full call number Barcode Date last seen Copy number Price effective from Koha item type
        Naharkatiya College Library Naharkatiya College Library General stacks 09/19/2020   050 | BAN 15202 09/19/2020 1 09/19/2020 Books